000 00652nas a2200241 4500
001 BR9101077
003 BR-BrBNA
005 20231205091943.0
007 ta
008 230509b bl.|||p| |||| 00| 00por d
040 _aBR-BrBNA
_bpor
_cBiblioteca Nacional de Agricultura
041 _a(Pt)
072 _aQ04
100 1 _aCereda, M.P.
100 1 _aBonassi, I.A.
100 1 _aGil, A.R.
245 1 _aMaceracao do arroz
650 _aARROZ
650 _aMACERACAO
773 0 _tLavoura Arrozeira (Brazil)
_xISSN 0023-9143
_g(Nov-Dec 1983), v. 36(346) p. 34-38
_wBR9101077
909 _a202311
_bLúcia
_c55
_dLúcia Elande
942 _2AGRIS
_n0
_cANA
999 _c128338
_d128338